[Event "SVK-chT3A2 0910"]
[Site "Slovakia"]
[Date "2010.01.17"]
[Round "6.3"]
[White "Harasta, Juraj"]
[Black "Liptak, Tomas"]
[Result "0-1"]
[WhiteElo "1688"]
[BlackElo "2036"]
[PlyCount "64"]
[EventDate "2009.10.18"]
[EventType "team-tourn"]
[EventRounds "11"]
[EventCountry "SVK"]
[SourceTitle "EXT 2011"]
[Source "ChessBase"]
[SourceDate "2010.11.26"]
[SourceVersion "1"]
[SourceVersionDate "2010.11.26"]
[SourceQuality "1"]
[WhiteTeam "Skalica II"]
[BlackTeam "Cifer"]
[WhiteTeamCountry "SVK"]
[BlackTeamCountry "SVK"]

1. e4 e5 2. Nf3 Nc6 3. Bb5 a6 4. Ba4 b5 5. Bb3 Bc5 6. 0-0 Nf6 7. Re1 0-0 8. c3 Bb7 9. d4 exd4 10. cxd4 Bb4 11. Nc3 d6 12. Bg5 h6 13. Bh4 Na5 14. Bc2 Nc4 15. Qc1 Re8 16. e5 dxe5 17. dxe5 Bxf3 18. exf6 Qd4 19. gxf3 Qxh4 20. Rxe8+ Rxe8 21. Ne4 Nd2 22. Nxd2 Qg5+ 23. Kh1 Bxd2 24. Qf1 g6 25. Rd1 Bf4 26. Qg2 Qxf6 27. b3 Re5 28. Qg4 Rh5 29. h3 Bd6 30. Re1 Kg7 31. a4 Rh4 32. Qg2 Qc3 0-1

[Event "SVK-ch U16"]
[Site "Liptovsky Mikulas"]
[Date "2007.04.26"]
[Round "8"]
[White "Eremias, Lukas"]
[Black "Harasta, Juraj"]
[Result "1-0"]
[WhiteElo "1462"]
[BlackElo "1723"]
[PlyCount "125"]
[EventDate "2007.04.22"]
[EventType "swiss"]
[EventRounds "9"]
[EventCountry "SVK"]
[SourceTitle "EXT 2008"]
[Source "ChessBase"]
[SourceDate "2007.11.25"]
[SourceVersion "1"]
[SourceVersionDate "2007.11.25"]
[SourceQuality "1"]

1. d4 d5 2. Nf3 Nf6 3. Nc3 e6 4. Bf4 a6 5. e3 c5 6. dxc5 Bxc5 7. Bd3 0-0 8. 0-0 Nc6 9. Ne5 Nxe5 10. Bxe5 Nd7 11. Bg3 Qg5 12. a3 Ne5 13. Bf4 Qf6 14. Bxh7+ Kxh7 15. Qh5+ Kg8 16. Bxe5 Qh6 17. Qxh6 gxh6 18. Rad1 f6 19. Bd4 Bd6 20. Na4 Bd7 21. Nb6 Rad8 22. Nxd7 Rxd7 23. Rfe1 Rc7 24. Bc3 Bxa3 25. e4 dxe4 26. Rxe4 Kf7 27. Bb4 Bxb4 28. Rxb4 Ke7 29. c3 Rd8 30. Rxd8 Kxd8 31. Kf1 b5 32. Ke2 Rd7 33. Rh4 Rh7 34. Kd3 Kd7 35. c4 Kc6 36. Kc3 Kc5 37. cxb5 axb5 38. b4+ Kd6 39. Kd4 f5 40. f4 Rc7 41. Ke3 Rc4 42. Rxh6 Rxb4 43. Rh8 Rb3+ 44. Kd4 Rb4+ 45. Ke3 Rb3+ 46. Kd4 Rb4+ 47. Ke3 Re4+ 48. Kf3 b4 49. g4 Rc4 50. gxf5 exf5 51. Rd8+ Ke6 52. Rd3 Rc8 53. Rb3 Rc3+ 54. Rxc3 bxc3 55. Ke3 Kd5 56. Kd3 c2 57. Kxc2 Ke4 58. Kd2 Kf3 59. Kd3 Kg4 60. Ke3 Kh3 61. Kd4 Kh4 62. Ke5 Kg4 63. h3+ 1-0

[Event "SVK-ch U16"]
[Site "Liptovsky Mikulas"]
[Date "2007.04.24"]
[Round "4"]
[White "Kral, David"]
[Black "Harasta, Juraj"]
[Result "0-1"]
[WhiteElo "1380"]
[BlackElo "1723"]
[PlyCount "100"]
[EventDate "2007.04.22"]
[EventType "swiss"]
[EventRounds "9"]
[EventCountry "SVK"]
[SourceTitle "EXT 2008"]
[Source "ChessBase"]
[SourceDate "2007.11.25"]
[SourceVersion "1"]
[SourceVersionDate "2007.11.25"]
[SourceQuality "1"]

1. e4 e5 2. Nf3 Nc6 3. Bc4 Bc5 4. d3 Nf6 5. Bg5 h6 6. Bh4 Na5 7. Bb3 Nxb3 8. axb3 d6 9. h3 0-0 10. Nc3 c6 11. 0-0 Bb6 12. d4 exd4 13. Nxd4 Qe7 14. Re1 Qe5 15. Nf3 Qe6 16. e5 Ne8 17. exd6 Qxd6 18. Qxd6 Nxd6 19. Be7 Nf5 20. Bxf8 Kxf8 21. Kf1 Nd4 22. Nxd4 Bxd4 23. Rad1 Bf6 24. Kg1 Bf5 25. Re2 Rc8 26. Rde1 Rd8 27. b4 Be6 28. Rd1 Rc8 29. Na4 b6 30. b3 Be7 31. Red2 Bxb4 32. Rd8+ Ke7 33. Rxc8 Bxc8 34. c3 Bd6 35. Re1+ Be6 36. c4 Bb4 37. Re2 Kd7 38. Nb2 Bf5 39. Re3 Bc5 40. Rf3 Bg6 41. Nd3 Bd4 42. Rf4 c5 43. Ne1 Ke7 44. Nf3 Bf6 45. g4 Bc2 46. h4 g5 47. hxg5 hxg5 48. Rxf6 Kxf6 49. Nd2 Ke5 50. Kf1 f6 0-1

[Event "SVK-chT3A2 0607"]
[Site "Slovakia"]
[Date "2007.02.25"]
[Round "9"]
[White "Harasta, Juraj"]
[Black "Lajda, Dusan"]
[Result "0-1"]
[WhiteElo "1723"]
[BlackElo "1737"]
[PlyCount "48"]
[EventDate "2006.10.08"]
[EventType "team-tourn"]
[EventRounds "11"]
[EventCountry "SVK"]
[SourceTitle "EXT 2008"]
[Source "ChessBase"]
[SourceDate "2007.11.25"]
[SourceVersion "1"]
[SourceVersionDate "2007.11.25"]
[SourceQuality "1"]
[WhiteTeam "Holic"]
[BlackTeam "Vrbove"]
[WhiteTeamCountry "SVK"]
[BlackTeamCountry "SVK"]

1. e4 c5 2. Nf3 Nc6 3. d4 cxd4 4. Nxd4 d6 5. Nc3 Nf6 6. Be2 g6 7. Be3 Bg7 8. 0-0 0-0 9. Qd2 Bd7 10. Nb3 a6 11. Bh6 b5 12. Bxg7 Kxg7 13. f3 Qb6+ 14. Kh1 Rfc8 15. Nd5 Nxd5 16. Qxd5 Nb4 17. Qd4+ Qxd4 18. Nxd4 Nxc2 19. Nb3 Nxa1 20. Nxa1 Be6 21. b3 Rc3 22. Bd1 Rac8 23. Kg1 Rc1 24. Nc2 R8xc2 0-1

[Event "SVK-chT3A2 0607"]
[Site "Slovakia"]
[Date "2006.11.05"]
[Round "3"]
[White "Gono, Michal"]
[Black "Harasta, Juraj"]
[Result "1-0"]
[WhiteElo "1593"]
[BlackElo "1723"]
[PlyCount "51"]
[EventDate "2006.10.08"]
[EventType "team-tourn"]
[EventRounds "11"]
[EventCountry "SVK"]
[SourceTitle "EXT 2008"]
[Source "ChessBase"]
[SourceDate "2007.11.25"]
[SourceVersion "1"]
[SourceVersionDate "2007.11.25"]
[SourceQuality "1"]
[WhiteTeam "Piestany Kupele II"]
[BlackTeam "Holic"]
[WhiteTeamCountry "SVK"]
[BlackTeamCountry "SVK"]

1. d4 d5 2. c4 e6 3. Nc3 Nf6 4. Bg5 c6 5. e3 Be7 6. Nf3 Nbd7 7. Rc1 0-0 8. Bd3 h6 9. Bh4 dxc4 10. Bxc4 Nd5 11. Bxe7 Qxe7 12. Ne4 b6 13. 0-0 Bb7 14. Bxd5 exd5 15. Ng3 c5 16. Re1 Rac8 17. dxc5 Rxc5 18. Qd4 Rfc8 19. Rxc5 Qxc5 20. Qa4 Bc6 21. Qg4 Qc4 22. Nd4 Rd8 23. Ngf5 g6 24. Ne7+ Kh7 25. Nexc6 Nf6 26. Qf4 1-0

[Event "SVK-chT3A2 0607"]
[Site "Slovakia"]
[Date "2006.10.08"]
[Round "1"]
[White "Harasta, Juraj"]
[Black "Kosar, Mikulas"]
[Result "0-1"]
[WhiteElo "1723"]
[BlackElo "1951"]
[PlyCount "78"]
[EventDate "2006.10.08"]
[EventType "team-tourn"]
[EventRounds "11"]
[EventCountry "SVK"]
[SourceTitle "EXT 2008"]
[Source "ChessBase"]
[SourceDate "2007.11.25"]
[SourceVersion "1"]
[SourceVersionDate "2007.11.25"]
[SourceQuality "1"]
[WhiteTeam "Holic"]
[BlackTeam "Gabcikovo"]
[WhiteTeamCountry "SVK"]
[BlackTeamCountry "SVK"]

1. e4 e5 2. f4 exf4 3. Nf3 d6 4. Bc4 Be7 5. d4 Nf6 6. Nc3 Nc6 7. Bxf4 Bg4 8. 0-0 0-0 9. Qd2 Nxe4 10. Nxe4 d5 11. Bxd5 Qxd5 12. Nc3 Qd8 13. d5 Bxf3 14. Rxf3 Bc5+ 15. Kf1 Nd4 16. Rd3 Nf5 17. Ne4 Bd6 18. c4 Re8 19. Nxd6 Nxd6 20. Bxd6 Qxd6 21. g3 Re4 22. Re3 Rae8 23. Rae1 Qg6 24. Qd3 Rxe3 25. Rxe3 Qf6+ 26. Kg1 Qb6 27. Kf2 Qxb2+ 28. Re2 Rxe2+ 29. Qxe2 Qxe2+ 30. Kxe2 b6 31. Kd3 Kf8 32. Kc3 Ke7 33. Kb4 f5 34. c5 g5 35. Kc4 f4 36. cxb6 axb6 37. gxf4 gxf4 38. Kd4 Kd6 39. Ke4 f3 0-1

[Event "SVK-ch U14"]
[Site "Brezova pod Bradlom"]
[Date "2006.03.07"]
[Round "4"]
[White "Csiba, Dominik"]
[Black "Harasta, Juraj"]
[Result "1-0"]
[WhiteElo "1801"]
[BlackElo "1583"]
[PlyCount "85"]
[EventDate "2006.03.05"]
[EventType "swiss"]
[EventRounds "9"]
[EventCountry "SVK"]
[SourceTitle "EXT 2008"]
[Source "ChessBase"]
[SourceDate "2007.11.25"]
[SourceVersion "1"]
[SourceVersionDate "2007.11.25"]
[SourceQuality "1"]

1. f4 d5 2. Nf3 Bf5 3. e3 Nf6 4. b3 e6 5. Bb2 Be7 6. Be2 h6 7. Nc3 Nc6 8. a4 0-0 9. 0-0 Ne4 10. Nxe4 Bxe4 11. d3 Bg6 12. Ne5 Bf6 13. Nxg6 fxg6 14. d4 a6 15. Bd3 g5 16. Ba3 Be7 17. Qg4 Bxa3 18. Qxe6+ Rf7 19. Bg6 Qd7 20. Qxf7+ Qxf7 21. Bxf7+ Kxf7 22. fxg5+ Kg6 23. Rxa3 hxg5 24. c4 Ne7 25. g4 Re8 26. Rf3 c6 27. Ra1 Ng8 28. cxd5 cxd5 29. Rc1 Re7 30. Kf2 Nf6 31. h3 Ne4+ 32. Ke2 Rd7 33. b4 Kh6 34. b5 axb5 35. axb5 Kg6 36. b6 Rd6 37. Rc7 Rxb6 38. Rff7 Rb2+ 39. Kd1 b6 40. Rxg7+ Kh6 41. Rgd7 Nf6 42. Rd6 Rf2 43. Ke1 1-0